• 首页
  • 本馆介绍
  • 公告通知
  • 最新文献
  • 馆藏检索
  • 电子资源
  • 读者导购
  • 参考咨询
  • 我的图书馆
  • 登录
  • 详细信息显示
  • 放入我的书架
  • 预约/预借图书
  • 作者相关作品
  • 分类相关作品
  • 丛书相关作品
  • 出版社相关作品

书目信息

  • 表格格式
  • 工作单格式
  • 卡片格式
题名:
郭贵春文集
    
 
作者: 郭贵春 著
分册: 第五卷   科学哲学家思想研究
出版信息: 北京   科学出版社  2017.03
页数: 652页
开本: 24cm
丛书名:
单 册:
中图分类: N02-53 , B-53
科图分类:
主题词: 科学哲学--文集 , 哲学
电子资源:
ISBN: 978-7-03-052189-7
000 00935nam0 2200241 450
001 4838
005 20181015082850.37
010    @a978-7-03-052189-7@b精装@dCNY268.00
100    @a20170619d2017 em y0chiy50 ea
101 0  @achi
102    @aCN@b110000
105    @ay z 000yy
200 1  @a郭贵春文集@9guo gui chun wen ji@h第五卷@i科学哲学家思想研究@f郭贵春著
210    @a北京@c科学出版社@d2017.03
215    @a652页@d24cm
330    @a本书的内容主要包括普特南、夏佩尔、塞拉斯、罗蒂、范·弗拉森、达米特、克里普克、福德、伽达默尔、哈贝马斯等科学哲学家,以及牛顿、爱因斯坦、外尔等科学家的思想研究,涉及物理学哲学、数学哲学、心灵哲学、语言哲学等领域,涵盖实在论与反实在论研究、语境研究、方法论研究等主题,反映出科学哲学的发展进程。
606 0  @a科学哲学@j文集
606 0  @a哲学
690    @aN02-53@v5
690    @aB-53@v4
701  0 @a郭贵春@9guo gui chun@4著
801  0 @aCN@b91MARC@c20170619
905    @aMuseLib@dB-53@e89:5
    
    郭贵春文集.第五卷.科学哲学家思想研究/郭贵春著.-北京:科学出版社,2017.03
    652页;24cm
    
    
    ISBN 978-7-03-052189-7(精装):CNY268.00
    本书的内容主要包括普特南、夏佩尔、塞拉斯、罗蒂、范·弗拉森、达米特、克里普克、福德、伽达默尔、哈贝马斯等科学哲学家,以及牛顿、爱因斯坦、外尔等科学家的思想研究,涉及物理学哲学、数学哲学、心灵哲学、语言哲学等领域,涵盖实在论与反实在论研究、语境研究、方法论研究等主题,反映出科学哲学的发展进程。
●
相关链接 在E读中查询图书 在五车中查询图书 在当当中查询图书 在豆瓣中查询图书


正题名:郭贵春文集     索取号:B-53/89:5         预约/预借

序号 登录号 条形码 馆藏地/架位号 状态 备注
1 1126878   211268787   第一样本阅览室/ [索取号:B-53/89:5] 在馆    
2 1126879   211268796   第一借阅区/ [索取号:B-53/89:5] 在馆    
唐山师范学院图书馆 欢迎您!
大连网信软件有限公司© 版权所有